Normale Ansicht MARC-Ansicht ISBD

Stalin's satellites in Europe (Titelsatznr. 30537)

[ MARC ]
MARC-Details
000 -Satzkennung
Kontrollfeld mit fester Länge 00505nam a22002051c 4500
001 - Kontrollnummer
Kontrollfeld a987693691
003 - Kontrollnummer Identifier
Kontrollfeld RU-10907106
005 - Datum und Zeit der letzten Transaktion
Kontrollfeld 20210531172049.0
008 - Feld mit fester Länge zur physischen Beschreibung - Allgemeine Angaben
Kontrollfeld mit fester Länge 200404s1952 gw |||| 000u ger d
040 ## - Katalogisierungsquelle
Übertragungsstelle RU-10907106
Original-Katalogisierungsstelle RU-10907106
Katalogisierungssprache ger
041 ## - Sprachcode
Sprachcode des Textes/der Tonspur oder des separaten Titels ger
100 1# - Haupteintragung - Personenname
Personenname Gluckstein, Ygael
245 00 - Titel
Titel Stalin's satellites in Europe
264 ## - Produktion, Veröffentlichung, Distribution, Herstellung und Urheberrechtsvermerk
Herstellungs-, Veröffentlichungs- Vertriebs-, Erzeugungsort London :
Produzent, Herausgeber, Distributor, Hersteller Allen & Unwin,
Datum der Herstellung, der Veröffentlichung, des Vertriebs oder des Urheberschutzvermerks 1952
300 ## - Physische Beschreibung
Umfang 333 Seiten
650 ## - Nebeneintragung unter einem Schlagwort - Sachschlagwort
Sachschlagwort oder geografischer Name als Eintragungselement Titoismus
651 #0 - Nebeneintragung unter einem Schlagwort - Geografischer Name
Geografischer Name Sowjetunion
651 #0 - Nebeneintragung unter einem Schlagwort - Geografischer Name
Geografischer Name Ostblock
942 ## - Zusätzliche Felder (Koha)
Koha-Medientyp Monographien
Klassifikation oder Aufstellungssystematik Andere/Generische Klassifikation
Exemplare
Ausgeschieden Verloren Klassifikation oder Aufstellungssystematik Beschädigt Nicht entleihbar Heimatbibliothek Aufenthaltsbibliothek Aufstellungsort Erwerbungsdatum Inventarnummer Signatur Barcode Letzte Aktivität Preis gültig von Koha-Medientyp
    Andere/Generische Klassifikation     MWN Osteuropa MWN Osteuropa Lesesaal - 1 04/04/2020 21-00554 W 60 F d Glu E004015075718430 12/04/2021 22/03/2021 Monographien